El poder sindical y la reestructuración productiva en México /
保存先:
| 第一著者: | |
|---|---|
| その他の著者: | |
| フォーマット: | テキスト |
| タグ: |
タグ追加
タグなし, このレコードへの初めてのタグを付けませんか!
|
MARC
| LEADER | 00000 a a2200000 04500 | ||
|---|---|---|---|
| 001 | 48439 | ||
| 003 | |||
| 040 | |||
| 100 | |a Bayón, Cristina | ||
| 245 | |a El poder sindical y la reestructuración productiva en México / |c Cristina Bayón, Graciela Bensusán | ||
| 700 | |a Bensusán, Graciela | ||
| 773 | |g volumen2, número4, (1996), páginas 111-138 | ||
| 999 | |c 30059 |d 30059 | ||
